000 00982nam a22002297a 4500
005 20260330073014.0
008 260330b |||||||| |||| 00| 0 eng d
040 _aSPU
_cSPU
_ddwaswala
050 _aTHE RA425
_b.T36 2025
100 _aTangara, Wanzala Duncan
245 _aStakeholders Engagement, Operations Monitoring, Suppliers Performance, and Completion of Funded Healthcare Projects in Kenya
260 _aLimuru, Kenya:
_bSt. Paul's University,
_c2025.
300 _axv, 234p. ;
_bill.
_c30cm.
500 _aA Thesis Submitted to the School of Business and Leadership Studies in Partial Fulfilment of the Requirements for the Award of Degree of Doctor of Philosophy in Business Administration
650 _aHealth facilities
_xPlanning
_zKenya.
650 _aProject management
650 _aPublic health administration
650 _aMedical care
_xFinance
700 _aKibuine, Mary K.
_eSupervisor
700 _aAkwalu, Ezekiel K.
_eSupervisor
942 _2lcc
_cTHES
999 _c60298
_d60298